Geography Quiz

Random Geography or World Quiz

Furthest Capitals: Easter Island Quiz Stats

 Plays Quiz not verified by Sporcle

Also try: City Nicknames
Challenge
Share
Tweet
Embed
Score 0/15 Timer 03:00
0 Plays Today
Distance (km) Capital % Correct
19203Kabul, Afghanistan
91.9%
18579Kathmandu, Nepal
89.2%
19364New Delhi, India
86.5%
17988Tehran, Iran
86.5%
19266Islamabad, Pakistan
83.8%
18250Bishkek, Kyrgyzstan
83.8%
18757Dushanbe, Tajikistan
78.4%
18458Tashkent, Uzbekistan
78.4%
Distance (km) Capital % Correct
18377Ashgabat, Turkmenistan
70.3%
18153Thimphu, Bhutan
70.3%
18011Dhaka, Bangladesh
67.6%
18752Muscat, Oman
64.9%
18127Doha, Qatar
64.9%
18389Abu Dhabi, UAE
59.5%
18050Manama, Bahrain
56.8%

You're not logged in!

Compare scores with friends on all Sporcle quizzes.
Join for Free
OR
Log In

You Might Also Like...

Show Comments

Extras

Top Quizzes Today


Score Distribution

Your Account Isn't Verified!

In order to create a playlist on Sporcle, you need to verify the email address you used during registration. Go to your Sporcle Settings to finish the process.

Report this User

Report this user for behavior that violates our Community Guidelines.

Details: